Premier League Players 30 or More Goal and Assist by Year - Statistics

General Stats
  • This quiz has been taken 74 times
  • The average score is 47 of 56
Answer Stats
Season Player Nationality Club Goal / Assist % Correct
22/23 Erling Haaland Norway Manchester City 36G8A
100%
Erling Haaland England Manchester City 27G4A
100%
07/08 Cristiano Ronaldo Portugal Manchester United 31G7A
98%
09/10 Didier Drogba Ivory Coast Chelsea 29G10A
98%
16/17 Harry Kane England Tottenham Hotspur 29G7A
98%
Harry Kane England Tottenham Hotspur 30G3A
98%
20/21 Harry Kane England Tottenham Hotspur 23G14A
98%
Harry Kane England Tottenham Hotspur 30G3A
98%
Heung-min Son South Korea Tottenham Hotspur 23G7A
98%
17/18 Mohamed Salah Egypt Liverpool FC 32G10A
98%
Mohamed Salah Egypt Liverpool FC 22G8A
98%
21/22 Mohamed Salah Egypt Liverpool FC 23G13A
98%
Mohamed Salah Egypt Liverpool FC 19G12A
98%
Sergio Agüero Argentina Manchester City 23G8A
98%
14/15 Sergio Agüero Argentina Manchester City 26G8A
98%
02/03 Thierry Henry France Arsenal 24G21A
98%
03/04 Thierry Henry France Arsenal 30G6A
98%
04/05 Thierry Henry France Arsenal 25G13A
98%
05/06 Thierry Henry France Arsenal 27G6A
98%
19/20 Kevin De Bruyne Belgium Manchester City 13G20A
97%
11/12 Robin van Persie Netherland Arsenal 30G11A
97%
12/13 Robin van Persie Netherlands Manchester United 26G9A
97%
Alexis Sánchez Chile Arsenal 24G10A
95%
18/19 Eden Hazard Belgium Chelsea 16G15A
95%
13/14 Luis Suárez Uruguay Liverpool FC 31G13A
95%
Wayne Rooney England Manchester United 26G4A
95%
Wayne Rooney England Manchester United 27G5A
95%
Frank Lampard England Chelsea 13G17A
93%
Frank Lampard England Chelsea 22G16A
93%
Alan Shearer England Blackburn Rovers 31G4A
92%
94/95 (42game) Alan Shearer England Blackburn Rovers 34G13A
92%
95/96 Alan Shearer England Blackburn Rovers 31G7A
92%
96/97 Alan Shearer England Newcastle United 25G7A
92%
Alan Shearer Englnd Newcastle United 23G7A
92%
15/16 Jamie Vardy England Leicester City 24G7A
92%
Romelu Lukaku Belgium Everton 25G6A
92%
23/24 Cole Palmer England Man City / Chelsea 22G11A
90%
Ollie Watkins England Aston Villa 19G13A
90%
Carlos Tevez Argentina Manchester City 23G7A
80%
97/98 Micheal Owen England Liverpool FC 18G12A
77%
Éric Cantona France Leeds / Man United 15G15A
72%
Éric Cantona France Manchester United 18G12A
72%
Cesc Fàbregas Spain Arsenal 15G15A
69%
93/94 (42game) Andy Cole England Newcastle United 34G13A
62%
Robbie Fowler England Liverpool FC 25G8A
61%
Robbie Fowler England Liverpool FC 28G5A
61%
98/99 Floyd Hasselbaink Netherlands Leeds United 18G13A
57%
00/01 Floyd Hasselbaink Netherlands Chelsea 23G10A
57%
Les Ferdinand England Queens Park Rangers 24G9A
54%
Les Ferdinand England Newcastle United 25G6A
54%
92/93 (42game) Teddy Sheringham England Forest / Tottenham 22G9A
54%
Jürgen Klinsmann Germany Tottenham Hotspur 20G11A
51%
99/00 Kevin Phillips England Sunderland AFC 30G4A
48%
Matt Le Tissier England Southampton 25G9A
46%
Matt Le Tissier North Ireland Southampton 19G15A
46%
Chris Sutton England Norwich City 25G11A
30%
No matching quizzes found
Score Distribution
Percent of People with Each Score
Percentile by Number Answered
Your Score History
You have not taken this quiz